000 00182nam a2200073Ia 4500
008 170817s9999 xx 000 0 und d
100 _aSHARMA R.A.
245 0 _aSHIKSHA TAQNIQUEE EVAM PRABANDH
260 _bSURYA PUB.
999 _c36960
_d36960